Conferencias sobre teoría del tiro (Record no. 160131)

MARC details
000 -LEADER
campo de control de longitud fija 01095nam a2200265 i 4500
001 - NÚMERO DE CONTROL
campo de control 160131
003 - IDENTIFICADOR DE NÚMERO DE CONTROL
campo de control ES-MaACL
005 - FECHA Y HORA DE LA ÚLTIMA TRANSACCIÓN
campo de control 20230906211939.0
008 - DATOS DE LONGITUD FIJA--INFORMACIÓN GENERAL
campo de control de longitud fija 990429s1886 sp a |||| | spa d
040 ## - FUENTE DE CATALOGACIÓN
Centro catalogador/agencia de origen CCPB | B
Lengua de catalogación spa
Centro/agencia transcriptor CCPB | B
080 ## - NÚMERO DE LA CLASIFICACIÓN DECIMAL UNIVERSAL
Número de la Clasificación Decimal Universal 623.55
100 1# - ENTRADA PRINCIPAL--NOMBRE DE PERSONA
Nombre de persona Morales Prieto, Pedro.
9 (RLIN) 130137
245 10 - MENCIÓN DEL TÍTULO
Título Conferencias sobre teoría del tiro
Resto del título : recopiladas de lo más nuevo, útil y práctico que, hasta la fecha, han publicado los diferentes autores que se dedican a escribir sobre tan importante materia /
Mención de responsabilidad, etc. por Pedro Morales y Prieto.
260 ## - PUBLICACIÓN, DISTRIBUCIÓN, ETC.
Lugar de publicación, distribución, etc. Barcelona :
Nombre del editor, distribuidor, etc. Redacción y Administración de la Revista Científico-Militar y Biblioteca Militar,
Fecha de publicación, distribución, etc. 1886 (
Fabricante Est. Tip. de Fidel Giró)
300 ## - DESCRIPCIÓN FÍSICA
Extensión 175, [8] p. :
Otras características físicas il. ;
Dimensiones 20 cm.
490 1# - MENCIÓN DE SERIE
Mención de serie Biblioteca militar
510 4# - NOTA DE CITAS O REFERENCIAS BIBLIOGRÁFICAS
Nombre de la fuente Palau,
Localización dentro de la fuente t. X, 181105
599 ## - NOTA A LAS ILUSTRACIONES
NOTA A LAS ILUSTRACIONES Las il. son dibujos de trayectorias de bala.
599 ## - NOTA A LAS ILUSTRACIONES
NOTA A LAS ILUSTRACIONES Tablas, [8] p.
650 #4 - PUNTO DE ACCESO ADICIONAL DE MATERIA--TÉRMINO DE MATERIA
Término de materia o nombre geográfico como elemento de entrada Tiro militar.
9 (RLIN) 162725
752 ## - ENTRADA AGREGADA--NOMBRE JERÁRQUICO DEL LUGAR
País o entidad superior España -
Ciudad Barcelona
830 0# - PUNTO DE ACCESO ADICIONAL DE SERIE-TÍTULO UNIFORME
Título uniforme Biblioteca militar
9 (RLIN) 181165
852 ## - LOCALIZACIÓN
Ubicación ES-MaACL
Número de control de estantería G-9890
Nota libre - Enc. hol.
Holdings
Estatus retirado Estado de pérdida Estado de daño No para préstamo Colección Biblioteca de origen Biblioteca actual Ubicación en estantería Fecha de adquisición Fuente de adquisición Total de préstamos Signatura topográfica completa Código de barras Visto por última vez Precio de reemplazo Tipo de ítem Koha
        Libros del s. XIX Biblioteca del Ateneo de Madrid Biblioteca del Ateneo de Madrid Sala Pecera Planta 3 17/01/2008     G-9890 1167649 23/02/2023 23/02/2023 Libro impreso antiguo